Expressions anglaises : VIII.1. Nations and country - Statistiques

Statistiques générales
  • Ce quiz a été pris 29 fois
  • Le résultat moyen est 13 sur 15
Statistiques - réponses
Hint Réponse % Correct
to go West aller vers l'Ouest
100%
territorial claims des revendications territoriales
100%
America from coast to coast l’Amérique de l'Atlantique au Pacifique
94%
rural districts les zones rurales
94%
a desert island une île déserte
94%
to be poles apart être aux antipodes (l'un de l'autre)
89%
to take French leave filer à l'anglaise
89%
Mother Earth la terre nourricière
89%
urban districts les zones urbaines
89%
a bone of contention une pomme de discorde
89%
a land of opportunity une terre où chacun a sa chance
89%
a densely populated district une zone très peuplée
89%
a sparsely populated district une zone peu peuplée
67%
to lie (to the) north of être (se trouver) au nord de
61%
to lie in the north of se situer dans le nord de
61%
Aucun quiz correspondant
Distribution des résultats
% des personnes avec chaque résultat
Percentile par nombre de réponses
Votre historique - résultats
Vous n’avez pas pris ce quiz